Parks and Recreation Trivia - Statistics

General Stats
  • This quiz has been taken 136 times
  • The average score is 27 of 37
Answer Stats
Question Answer % Correct
What is the name of Jean-Ralphio's sister? Mona-Lisa
99%
What state is Pawnee in? Indiana
96%
What is Andy's band called? Mouserat
95%
What is Ann's occupation in the first season? Nurse
95%
Who shoots Ron with a shotgun? Tom Haverford
93%
What is the name of Tom's second business? Rent-a-Swag
92%
What is Tammy 2‘s job? Librarian
89%
Who is Leslie's dream guy? Joe Biden
88%
What is the name of Jerry's daughter? Millicent
88%
Who punchs Jamm at Leslie & Ben's wedding? Ron
88%
What is the name of Ben's homemade boardgame? The Cones of Dunshire
87%
Who is Andy's FBI alter ego? Burt Macklin
86%
How many episodes are in the first season? 6
85%
What is the name of Paul Rudd's Character? Bobby Newport
85%
How old does Chris plan to live? 150 Years
84%
What is Jerry's real name? Garry
81%
What does Ron give to the student who interviews him? A Land Mine
75%
What is the name of the area that ^ is to be built on? Lot 48
73%
Who is April's rich alter ego? Janet Snakehole
72%
What does Jamm want on ^ land? Paunch Burger
71%
Cast Amy Poehler
69%
Cast Chris Pratt
69%
Q Which comedian plays Leslie Knope's ex Dave Sanderson? Louis C.K
68%
Who joined The Douche on his radio show? Crazy Ira
67%
What was Tynnyfer's former name? Jennifer
67%
Cast Aziz Ansari
63%
How many votes did Leslie win by in the election? 21
62%
Cast Nick Offerman
59%
Cast Rashida Jones
59%
Cast Rob Lowe
58%
What is Andy's first job? Shoe shiner
57%
Cast Adam Scott
54%
Cast Aubrey Plaza
51%
Which park contains the "Wamapoke Playground"? Pawnee Commons
44%
What nationality is Mark Brendanawicz (Not American, look at his last name)? Polish
44%
Cast Jim O'Heir
34%
Q Where does Leslie think Tom is from? Libya
31%
No matching quizzes found
Score Distribution
Percent of People with Each Score
Percentile by Number Answered
Your Score History
You have not taken this quiz